[Event "Capablanca Memorial Elite 46th"]
[Site "Havana"]
[Date "2011.05.17"]
[Round "6"]
[White "Navara, David"]
[Black "Ivanchuk, Vassily"]
[Result "1/2-1/2"]
[WhiteElo "2702"]
[BlackElo "2776"]
[Annotator "Kritz,L"]
[PlyCount "93"]
[EventDate "2011.05.11"]
[EventType "tourn"]
[EventRounds "10"]
[EventCountry "CUB"]
[EventCategory "19"]
[SourceTitle "CBM 143"]
[Source "ChessBase"]
[SourceDate "2011.07.15"]
[SourceVersion "1"]
[SourceVersionDate "2011.07.15"]
[SourceQuality "1"]

1. e4 e5 2. Nf3 Nf6 3. Nxe5 d6 4. Nf3 Nxe4 5. d4 d5 6. Bd3 Nc6 7. O-O Be7 8.
Re1 {Das gewinnt mehr an Popularität in letzter Zeit.} Bg4 9. Nc3 (9. c4 Nf6
10. Nc3 Bxf3 11. Qxf3 Nxd4 12. Qd1 Ne6 $132 {Weiß hat verschieden
Möglichkeiten, seine Initiative zu entfalten, und ich denke, wir werden in
naher Zukunft einige interessante Partien in dieser Variante sehen.}) (9. c3 f5
10. Nbd2 O-O 11. Qb3 Na5 12. Qc2 Nc6 13. b4 a6 14. a4 Bd6 15. Ba3 Kh8 $132 {
Morozevich - Gelfand (Yerevan, 2008)}) 9... Nxc3 10. bxc3 O-O 11. Bf4 Bh5 (
11... Qd7 {Ein seltener Zug.} 12. Rb1 Bd6 (12... Rab8 $6 {Weiß konnte eine
starke Initiative entwickeln:} 13. Re3 Rfe8 14. Qe2 Bf8 15. Re1 Rxe3 16. Qxe3
Bf5 $2 17. Bxc7 $1 (17. Bxf5 Qxf5 18. Bxc7 Rc8 $11) 17... Qxc7 18. Bxf5 g6 19.
Bd3 Na5 20. Qe5 $16 {Anand - Leko (Leon, 2001)}) 13. Bxd6 cxd6 $14 {Short -
Howell (London, 2009), Schwarz wurde zum Verdoppeln der Bauer gezwungen, und
hat nun eine lange, passive Verteidigung vor sich.}) (11... Bd6 12. Bxd6 Bxf3 (
12... Qxd6 $2 13. Bxh7+ Kxh7 14. Ng5+ $18) 13. Qxf3 (13. Bxc7 Bxd1 14. Bxd8
Bxc2 15. Bxc2 Rfxd8 16. Bb3 Kf8 $11) 13... Qxd6 14. Re3 ({Keinen Vorteil
bringt ebenfalls} 14. Rab1 b6 {Weiß hat nicht genug Potenzial, um eine starke
Initiative zu entwickeln.} 15. Re3 (15. Rb5 Rad8 16. h4 Ne7 17. h5 Rfe8 18. Re5
h6 $11 {Leko - Gelfand (Nice, 2008)}) 15... Rae8 16. Rbe1 Rxe3 17. Rxe3 g6 18.
h4 Kg7 19. h5 Rd8 $11 {Vachier Lagrave - Motylev (Katernberg, 2008)}) 14...
Rae8 15. Rae1 Rxe3 16. Rxe3 Nb8 $5 (16... g6 17. h4 Nb8 18. h5 Nd7 19. g4 $14 {
Leko - Kasimdzhanov (Nalchik, 2009)}) 17. h4 Nd7 $11) 12. Rb1 Rb8 (12... b6 {
Eigentlich bietet sich dieser Zug an. Die weißen Felder werden zwar geschwächt,
dafür ist der schwarze Turm nicht an die Verteidigung des Bauern gebunden.} 13.
Qe2 (13. Bb5 Na5 $11) 13... Bd6 14. Qe3 Re8 15. Ne5 Bxe5 16. dxe5 Qd7 17. Qg3
Qg4 $11 {Li - Bu Xiangzhi (Tianjin, 2011)}) 13. Qe2 Bd6 14. Qe3 Bxf4 (14... Qd7
15. Bxd6 (15. Ne5 Bxe5 16. dxe5 Bg6 17. Bxg6 hxg6 18. Rbd1 Qe6 $15 {Smeets -
Gelfand (Nice, 2010)}) 15... Qxd6 16. Nh4 Bg6 17. Nxg6 hxg6 18. Qg3 {1/2-1/2
Bologan - Gelfand (Khanty Mansiysk, 2010)}) 15. Qxf4 Bxf3 {Die einfachste
Spielweise. Es ist schwer zu verstehen, warum Weiß hier eine Chance haben
sollte, um Vorteil zu kämpfen.} 16. Qxf3 Qd6 $11 17. h4 $5 {Neue Idee.} (17.
Re3 g6 18. h4 Kg7 (18... h5 $5) 19. h5 Rfe8 20. Rbe1 Rxe3 21. Qxe3 a6 22. a4
Qa3 $132 {Sasikiran - Wang Yue (Vishakapatnam, 2008)}) 17... b6 18. Re3 Rbe8
19. Rbe1 Rxe3 20. Rxe3 {Das Nehmen mit dem Bauern bringt nichts.} (20. fxe3 f5
21. c4 Nb4 22. cxd5 Nxd5 $11) 20... g6 (20... Na5 $6 21. Qg3 $1 Qxg3 22. fxg3
$1 Nc6 23. Bb5 $14 {und der weiße Turm dringt auf die 7. Reihe ein.}) 21. h5
Kg7 22. Qh3 {Weiß hat das Maximum erreicht, aber das Problem ist, dass Schwarz
keine Schwächen hat.} Ne7 $6 {Fraglich. Erlaubt Weiß ins Endspiel überzugehen.}
23. Qh4 (23. h6+ Kg8 24. Qh2 $1 Qxh2+ (24... Qd7 $4 25. Qe5 $18) 25. Kxh2 Nc8
26. c4 $14) 23... Re8 24. Bb5 {Jetzt ist es zu spät für h6, denn Schwarz hat
den Zug Kf8.} (24. h6+ Kf8 25. Qh2 $2 Qxh2+ 26. Kxh2 Ng8 $19) 24... c6 {
Und Weiß hat nichts Besseres gefunden, als in das remisliche Endspiel zu gehen.
} 25. Bxc6 (25. Bd3 $5 b5 $11) 25... Qxc6 26. Rxe7 Rxe7 27. Qxe7 gxh5 (27...
Qxc3 28. Qe5+ Kf8 29. h6 $16 {Es kann sein, dass Schwarz sich irgendwie ins
Dauerschach retten kann, doch plötzlich hat Weiß gewisse Gewinnchancen.}) 28.
Qe5+ Kf8 29. Qb8+ (29. Qxh5 Qxc3 30. Qxd5 Qxc2 31. Qa8+ Kg7 32. Qxa7 Qd1+ 33.
Kh2 Qxd4 $11) 29... Kg7 30. Qg3+ (30. Qxa7 Qxc3 31. Qxb6 Qe1+ 32. Kh2 Qxf2 $11)
30... Kf8 31. Kh2 a5 $11 {Das Endspiel ist absolut remislich, keiner hat hier
eine realistische Chance auf Sieg zu spielen, weil beide Könige schwach sind.}
32. Qb8+ Kg7 33. Qe5+ f6 34. Qxh5 Qxc3 {Es hat sich nichts verändert - je
weniger Bauern auf dem Brett sind, desto größer sind die Chancen auf
Dauerschach.} 35. Qxd5 Qxc2 36. f3 a4 37. Qd7+ Kg6 38. Qe8+ Kg7 39. Qe7+ Kg6
40. d5 Qd2 {Es sieht schon so aus, als ob der weiße Bauer durchlaufen könnte,
doch die Dauerschachdrohung hält ihn auf.} 41. Qe4+ (41. d6 Qf4+ 42. Kg1 Qd4+
43. Kf1 Qd1+ 44. Kf2 Qd2+ 45. Kg3 Qg5+ $11) 41... Kg7 42. f4 b5 43. f5 (43.
Qe7+ Kg6 44. f5+ Kxf5 45. Qxh7+ Kg5 46. Qg8+ Kh6 $11) 43... Kf8 44. Qe6 Qf4+
45. g3 Qf2+ 46. Kh3 Qf1+ 47. Kh2 1/2-1/2

[Event "Tata Steel-A 73rd"]
[Site "Wijk aan Zee"]
[Date "2011.01.20"]
[Round "5"]
[White "Vachier Lagrave, Maxime"]
[Black "Giri, Anish"]
[Result "1/2-1/2"]
[WhiteElo "2715"]
[BlackElo "2686"]
[Annotator "Kritz,L"]
[PlyCount "77"]
[EventDate "2011.01.14"]
[EventType "tourn"]
[EventRounds "13"]
[EventCountry "NED"]
[EventCategory "20"]
[SourceTitle "CBM 141"]
[Source "ChessBase"]
[SourceDate "2011.03.17"]
[SourceVersion "1"]
[SourceVersionDate "2011.03.17"]
[SourceQuality "1"]

1. e4 e5 2. Nf3 Nf6 3. Nxe5 d6 4. Nf3 Nxe4 5. Nc3 {Nachdem Schwarz sich in
fast allen Varianten der Russischen Partie erfolgreich verteidigt hat, greifen
die Spieler sehr oft zu dieser relativ harmlosen, aber auch absolut
risikofreien Abwicklung.} ({Die alte klassische Spielweise nach} 5. d4 d5 6.
Bd3 Nc6 7. O-O Be7 8. c4 Bf5 9. Nc3 Nb4 10. Be2 O-O 11. a3 Nxc3 12. bxc3 Nc6
13. Re1 Re8 14. cxd5 Qxd5 15. Bf4 Rac8 $11 {führt zu einer Stellung, die mit
Hilfe des Computers fast bis zum Ende ausanalysiert wurde und wo Ausgleich als
Diagnose festgestellt wurde.}) 5... Nxc3 (5... d5 $6 {Ein Versuch direkt zu
kontern endet mit Misserfolg:} 6. Qe2 Be7 7. Nxe4 dxe4 8. Qxe4 O-O 9. Bc4 Re8
10. Ne5 $1 $18) 6. dxc3 Be7 7. Be3 Nc6 8. Qd2 (8. Qd5 $5 {Eine interessante
und nicht zu oft gespielte Fortsetzung. Bringt allerdings auch keinen Vorteil.}
Be6 {Dieser Zug scheint sehr logisch.} 9. Qb5 Qc8 10. O-O-O a6 11. Qa4 {
In allen gespielten Partien hatte Schwarz keine große Mühe, um Ausgleich zu
erzielen.} O-O (11... Qd7 12. h4 Ne5 13. Qf4 Nxf3 14. Qxf3 $11 {Ohne Springer
konnte Weiß nichts erreichen in Volokitin - Eljanov (Sochi, 2006)}) (11... Bd7
12. Qf4 Nd8 13. Qg3 Ne6 $11 {Volokitin - Kritz (Mainz, 2006)}) 12. Qf4 Bf6 13.
Bd3 Ne5 14. Bd4 Bg4 15. Be4 Ng6 16. Qg3 Bxd4 17. Rxd4 Bf5 $11 {Karjakin -
Erenburg (Sochi, 2006)}) 8... Be6 9. Ng5 (9. O-O-O Qd7 10. Ng5 (10. Bb5 a6 11.
Ba4 O-O 12. Rhe1 b5 13. Bb3 Na5 $1 (13... Bxb3 14. axb3 a5 15. Qd5 $14 {
Karjakin - Kritz (Gothenburg, 2005)}) 14. Bxe6 fxe6 $132 15. b3 Nc6 $11) (10.
Kb1 Bf6 {Im selben Turnier, aber früher spielte Wang Yue zuerst 10...a6 und
erst danach Bf6. Wahrscheinlich hat die häusliche Analyse gezeigt, dass man
vor Bb5 keine Angst haben muss.} (10... O-O-O 11. Bb5 a6 12. Ba4 Bf6 13. Bd4
Bxd4 14. cxd4 Bd5 $11 {Belov - Belozerov (Tomsk, 2006)}) 11. Be2 O-O-O 12. Nd4
(12. Ng5 Bxg5 13. Bxg5 f6 $11 {Die Stellung wurde schon hundert mal gespielt,
Weiß verfügt über einen symbolischen Vorteil, Schwarz sollte jedoch problemlos
ein Remis schaffen.}) 12... Bxd4 $1 {Die beste Fortsetzung, hier hat Weiß
überhaupt keinen Vorteil.} (12... Nxd4 13. Bxd4 Bxd4 14. Qxd4 c5 15. Qf4 d5 16.
Bf3 $36 {Obwohl die Stellung für Schwarz noch im grünen Bereich liegt, hat
Weiß doch einen gewissen Druck aufbauen können.}) 13. cxd4 (13. Bxd4 f6 14. Be3
$11 {Man kommt wieder in diese Stellung rein, die sehr remislich ist.}) 13...
d5 {Dominguez Perez - Wang Yue (Sofia, 2009)}) (10. h4 h6 11. Nd4 {
Typischerweise vereinfacht sich das Spiel nach dem Springertausch, so dass
Remis ein 99% Ergebnis ist.} (11. Kb1 O-O-O 12. Nd4 Nxd4 13. Bxd4 Rhg8 14. h5
c5 15. Be3 Qc6 $11 {Adams - Nielsen (Dortmund, 2005)}) (11. Bb5 a6 12. Ba4 b5
$5 13. Bb3 Bf6 14. Bd5 O-O-O $1 $11 (14... Rb8 15. Kb1 Bxd5 16. Qxd5 $14 {
Zawadzka - Socko (Karpacz, 2008)} Ne7 17. Qd3 Qf5 $11)) 11... Nxd4 12. Bxd4 (
12. cxd4 d5 $11) 12... Rg8 13. c4 (13. Bd3 c5 14. Be3 O-O-O $11 {Demnächst
spielt Schwarz d5.}) 13... O-O-O $11 {Dominguez Perez - Wang Yue (Linares,
2009)}) 10... Bxg5 11. Bxg5 f6 12. Be3 O-O-O $11 {Der Vorteil des Läuferpaares
ist nicht auszunutzen.}) 9... Bxg5 10. Bxg5 Qd7 11. Be2 O-O {Schwarz kann kurz
oder lang rochieren, die Stellung bleibt in jedem Fall ausgeglichen.} (11... f6
12. Be3 O-O-O $11) 12. O-O-O f6 13. Be3 Ne7 {Weiss hat zwar das Laeuferpaar,
aber beide seine Laeufer haben wenig zu tun. Die Stellung sieht nur offen aus,
eigentlich ist die Bauernstruktur ziemlich geschlossen und die Laeufer
geniessen keine Freiheit.} 14. b3 {Es gibt viele Möglichkeiten, wie Schwarz
spielen kann. Eine riskante aber forcierte ist 14....Nf5. Die klassische
Spielweise würde jedoch empfehlen, die Bauern auf a5 und b6 zu stellen, und
danach versuchen alle möglichen Figuren abzutauschen.} Rfd8 (14... Nf5 15. Bf4
g5 $5 {Man nimmt sofort den Laeufer, doch der Koenig wird geschwaecht.} 16. Bg3
Nxg3 17. hxg3 Rae8 $13 {Alle schwarze Figuren stehen neben ihrem König, es
müsste nicht viel passieren.}) (14... a5 15. a4 b6 16. Bb5 Qc8 17. Rhe1 Rf7 $11
) 15. Rde1 $2 {Das ist sicherlich kein guter Zug. Wenn schon, dann musste man
den anderen Turm auf die e-Linie bringen. Auch 15.Bf3 war eine gute
Alternative.} (15. Bf3 c6 (15... d5 16. Rhe1 b6 {Verteidigung gegen Bc5} 17.
Bf4 c6 18. Qe2 Kf7 $14) 16. c4 Bg4 17. Bxg4 Qxg4 18. f3 Qf5 19. Rhe1 $36) 15...
Nd5 16. Bf3 c6 $1 {Das Nehmen auf e3 verliert einen Bauer. stattdessen geht
der Springer nach c7, von wo er das Feld e6 kontrollieren wird.} (16... Nxe3 $2
17. Qxe3 Re8 18. Bxb7 Rab8 19. Qf3 Bg4 20. Bd5+ $18) 17. Bd4 {Nun wollte
Schwarz den Läufer nehmen.} Nc7 (17... c5 $4 18. Bxd5 Bxd5 19. Bxf6 Bxg2 20.
Rhg1 gxf6 21. Rxg2+ Kh8 22. Qh6 Qf7 23. Re6 $18) 18. g4 $1 {Weiß hat nur
diesen einzigen Plan.} Nb5 $1 {Der Bauer ist tabu.} (18... Bxg4 $4 19. Bxg4
Qxg4 20. Bxf6 $1 Rd7 21. Rhg1 Qf5 22. Bxg7 Rxg7 23. Rxg7+ Kxg7 24. Re7+ $18)
19. Rhg1 {Weiß kann den Läufer nicht zurückziehen.} (19. Be3 Bxg4 20. Bxg4 Qxg4
$17) 19... Nxd4 20. Qxd4 Re8 $1 {Richtig - Schwarz muss Figuren tauschen.} 21.
Kb2 $6 {Sehr langsam. Schwarz bekommt Zeit, um sich zu konsolidieren. Der
beste Chance war 21.g5!?} (21. g5 $5 fxg5 (21... f5 22. g6 h6 23. Re3 $16) 22.
Rxg5 $36 {und nun kann Schwarz nicht Bf5 spielen:} Bf5 $2 23. Rxe8+ (23. Reg1
Re7 $11) 23... Rxe8 24. Qxa7 Re1+ 25. Kb2 $14) 21... a6 $1 {Gute Prophylaxe.
Nun hängt der Bauer a7 nicht mehr und Schwarz kann die Türme tauschen.} 22. h4
(22. g5 fxg5 23. Rxg5 Bf5 $11) 22... Rad8 (22... Bf7 23. Rd1 Rad8 24. g5 fxg5
25. Rxg5 $14) 23. h5 $5 (23. g5 fxg5 24. Rxg5 Bf5 25. Reg1 Re7 $11 {Weiß kann
nicht vorankommen.}) 23... h6 24. Be4 {Weiß spielt seine besten Karten aus. Er
muss den Läufer nach g6 stellen und versuchen, mittels f4-g5 den schwarzen
König anzugreifen. Doch Schwarz hat genug Zeit für sein Gegenspiel.} c5 $1 (
24... Bxg4 $4 25. Rxg4 Qxg4 26. Bh7+ $18) 25. Qd1 d5 26. Bg6 Bf7 27. f4 {
Weiß ist sehr nah dran, aber er kommt zu spät.} Bxg6 28. hxg6 d4 $1 29. c4 Rxe1
30. Rxe1 Re8 {Es wird zu viel getauscht, und die Stellung vereinfacht sich.}
31. g5 fxg5 32. fxg5 Rxe1 33. Qxe1 Qc6 34. gxh6 gxh6 35. Qe7 Qxg6 36. Qxb7 {
Schwarz riskiert nichts mit dem entfernten Freibauern.} Qd6 37. Qc8+ Kg7 38.
Qg4+ Kf7 39. Qf5+ 1/2-1/2

[Event "London Classic"]
[Site "London"]
[Date "2009.12.09"]
[Round "2"]
[White "Short, Nigel D"]
[Black "Howell, David"]
[Result "1/2-1/2"]
[WhiteElo "2707"]
[BlackElo "2597"]
[Annotator "Kritz,L"]
[PlyCount "88"]
[EventDate "2009.12.08"]
[EventType "tourn"]
[EventRounds "7"]
[EventCountry "ENG"]
[EventCategory "18"]
[SourceTitle "CBM 134"]
[Source "ChessBase"]
[SourceDate "2010.01.18"]
[SourceVersion "1"]
[SourceVersionDate "2010.01.18"]
[SourceQuality "1"]

1. e4 e5 2. Nf3 Nf6 3. Nxe5 d6 4. Nf3 Nxe4 5. d4 {Meiner Meinung nach die
einzige Fortsetzung, die es Weiß erlaubt, um Vorteil zu kämpfen. Überhaupt
nichts bringt 5.Nc3.} (5. Nc3 Nxc3 6. dxc3 Be7 7. Be3 Nc6 8. Qd2 Be6 $1 {
Die Variante mit der langen Rochade ist die sicherste aus der Sicht von
Schwarz.} 9. O-O-O Qd7 10. Ng5 Bxg5 11. Bxg5 f6 12. Be3 O-O-O $11 {Das weiße
Läuferpaar hat keine große Bedeutung, weil die Stellung relativ geschlossen
ist.}) 5... d5 6. Bd3 Nc6 (6... Bd6 7. O-O O-O 8. c4 c6 9. Re1 Bf5 10. c5 Bc7
11. Nc3 Nd7 $132 {Naiditsch - Kramnik (Dortmund, 2009)}) 7. O-O Be7 8. Re1 {
Gewinnt mehr an Popularität in letzter Zeit.} (8. Nc3 {führt zu ähnlichen
Stellungen wie nach 8.Re1 - Nc3} Nxc3 (8... Bf5 9. Re1 ({Wenig bringt} 9. Qe1
Bb4 10. Qe3 Bxc3 11. bxc3 O-O 12. Ng5 Re8 13. Nxe4 Bxe4 $11 {Karjakin -
Bologan (Dortmund, 2004)}) 9... Nxc3 10. bxc3 Bxd3 11. Qxd3 O-O 12. Rb1 Na5 13.
Qf5 $36 {und Weiss hatte doch kleine Initiative in Cheparinov - Roiz (Kemer,
2007)}) 9. bxc3 Bg4 10. h3 (10. Re1 O-O 11. Bf4 Bh5 12. Rb1 Rb8 13. h3 Bd6 14.
Bxd6 Qxd6 15. Re3 f6 16. Qd2 Rfe8 $11 {Topalov - Kramnik (Nice, 2008)} 17. Nh4
Rxe3 18. Qxe3 Re8 19. Qd2 Nd8 20. Nf5 Qd7 21. Qf4 Bg6 22. h4 Kh8 23. Qg4 Qf7
24. Qf3 b6 25. g3 Nb7 26. Kg2 Bxf5 27. Qxf5 g6 28. Qf3 Nd6 29. h5 g5 30. g4 Qe6
31. h6 Re7 32. Rh1 Kg8 33. Qd1 c6 34. Rh3 Qe1 35. Qf3 Qe6 36. Qd1 Qe1 37. Qf3
Qe6 38. Qd1 {1/2-1/2 Topalov,V (2780)-Kramnik,V (2799)/Nice FRA 2008/The Week
in Chess 698}) 10... Bh5 11. Rb1 Rb8 12. g4 $5 {Eine interessante neue Idee.}
Bg6 13. Ne5 Bxd3 14. Nxd3 {Weisse Idee ist, seine Dame auf f3 zu stellen und
Druck gegen d5 Bauer ausueben. Danach kann er entweder mit Nf4, Rb5, oder Bf4
fortfahren.} (14. cxd3 O-O {Weiss hat keinen konkreten Plan, um seine Stellung
zu verstaerken.} 15. f4 f6 $11) 14... O-O 15. Qf3 Na5 $132 {Kamsky - Inarkiev 
(Jermuk, 2009)}) ({Der Hauptzug ist:} 8. c4 Nb4 9. Be2 O-O 10. Nc3 Bf5 11. a3
Nxc3 12. bxc3 Nc6 13. Re1 Re8 14. cxd5 Qxd5 15. Bf4 Rac8 $11 {Das ist die
Ausgangsstellung der Hauptvariante, die bis zum tiefen Endspiel analysiert
wurde und es gezeigt wurde, dass Schwarz sich ueberall halten kann.}) 8... Bg4
9. Nc3 (9. c4 Nf6 10. Nc3 Bxf3 11. Qxf3 Nxd4 12. Qd1 Ne6 $132 {Weiß hat
verschiedene Möglichkeiten, seine Initiative zu entfalten, und ich denke, wir
werden in naher Zukunft einige interessante Partien in dieser Variante sehen.})
(9. c3 f5 10. Nbd2 O-O 11. Qb3 Na5 12. Qc2 Nc6 13. b4 a6 14. a4 Bd6 15. Ba3 Kh8
$132 {Morozevich - Gelfand (Yerevan, 2008)}) 9... Nxc3 10. bxc3 O-O 11. Bf4 Qd7
{Ein seltener Zug. Mir gefallen die Alternativen Bd6 und Bh5 besser.} (11...
Bd6 12. Bxd6 Bxf3 (12... Qxd6 $2 13. Bxh7+ Kxh7 14. Ng5+ $18) 13. Qxf3 (13.
Bxc7 Bxd1 14. Bxd8 Bxc2 15. Bxc2 Rfxd8 16. Bb3 Kf8 $11) 13... Qxd6 14. Re3 ({
Keinen Vorteil bringt ebenfalls} 14. Rab1 b6 {Weiß hat nicht genügend
Potenzial, um eine starke Initiative zu entwickeln.} 15. Re3 (15. Rb5 Rad8 16.
h4 Ne7 17. h5 Rfe8 18. Re5 h6 $11 {Leko - Gelfand (Nice, 2008)}) 15... Rae8 16.
Rbe1 Rxe3 17. Rxe3 g6 18. h4 Kg7 19. h5 Rd8 $11 {Vachier Lagrave - Motylev 
(Katernberg, 2008)}) 14... Rae8 15. Rae1 Rxe3 16. Rxe3 Nb8 $5 (16... g6 17. h4
Nb8 18. h5 Nd7 19. g4 $14 {Leko - Kasimdzhanov (Nalchik, 2009)}) 17. h4 Nd7 $11
) (11... Bh5 {->8.Nc3}) 12. Rb1 Bd6 (12... Rab8 $6 {Weiß konnte eine starke
Initiative entwickeln:} 13. Re3 Rfe8 14. Qe2 Bf8 15. Re1 Rxe3 16. Qxe3 Bf5 $2
17. Bxc7 $1 (17. Bxf5 Qxf5 18. Bxc7 Rc8 $11) 17... Qxc7 18. Bxf5 g6 19. Bd3 Na5
20. Qe5 $16 {Anand - Leko (Leon, 2001)}) 13. Bxd6 cxd6 {Schwarz wurde zum
Verdoppeln der Bauern gezwungen und hat nun ein lange, passive Verteidigung
vor sich.} 14. h3 Bh5 {Man kann den Springer nicht nehmen.} (14... Bxf3 $2 15.
Qxf3 Ne7 16. c4 $18) 15. Rb5 Ne7 16. Qb1 $1 {Auf diese Weise kann Weiß sich
leicht entfesseln.} b6 (16... Bxf3 $4 17. Rxb7 Qc8 18. Rexe7 $18) 17. Nd2 Bg6
18. a4 $14 {Weiß hat bessere Aussichten, weil er am Damenflügel die Initiative
hat. Schwarz dagegen hat kein richtiges Gegenspiel.} Rac8 19. Qb2 Rfe8 (19...
Bxd3 20. cxd3 $14 {verbessert nur die weiße Bauernstruktur.}) 20. Bf1 Qc7 21.
c4 dxc4 22. Nxc4 Nc6 23. Ra1 {Der weiße Vorteil hat sich schnell minimalisiert.
Schwarz hat keine Schwächen mehr und auch keine Figuren, die schlecht stehen.}
Re4 $6 (23... h6 $5 {Dieser Zug kommt als erstes ins Betracht. Schwarz braucht
ein Luftloch, dabei stehen alle seine Figuren optimal. Das geplante Verdoppeln
der Türme auf der e-Linie bringt nichts.} 24. c3 (24. a5 Nxa5 25. Nxa5 bxa5 26.
c4 Rb8 27. Raxa5 Rxb5 28. Qxb5 Re1 $132) 24... Qd7 $11 {Die Stellung ist im
dynamischen Gleichgewicht, beide Seiten tun sich schwer, auf Gewinn zu spielen.
}) 24. c3 Rce8 $2 {Fortsetzung der falschen Strategie.} 25. Qd2 $2 {Weiß hatte
die Chance, die Stellung zu seinen Gunsten zu drehen.} (25. a5 $5 Nxa5 (25...
bxa5 26. Rb7 Qd8 27. Qb5 $1 $16) 26. Nxa5 bxa5 27. Rb7 Qc8 (27... Qd8 28. Rxa7
$16) 28. Rxa7 Re1 29. R7xa5 Bd3 30. Rxe1 Rxe1 31. Ra1 Rxa1 32. Qxa1 Bxf1 33.
Kxf1 Qc4+ 34. Kg1 $16 {Das Endspiel ist sehr wahrscheinlich gewonnen, obwohl
es noch langer Weg bis zum vollen Punkt ist.}) 25... h6 26. a5 {Jetzt ist es
nicht mehr so stark, weil Weiß nicht auf die siebte Reihe eindringen kann.}
Nxa5 ({Nichts ändert} 26... bxa5 27. Nxa5 Nxa5 28. Rbxa5 {->26....Nxa5}) 27.
Nxa5 bxa5 28. Rbxa5 R8e7 29. f3 ({Das Endspiel nach} 29. Rxa7 Qxa7 30. Rxa7
Rxa7 31. Bd3 Re6 32. Bxg6 Rxg6 $11 {ist wenig versprechend für Weiß, zwei
Türme können üblicherweise gegen die Dame leicht dagegenhalten.}) ({Sehr
interessant war jedoch} 29. f4 $1 {Die Idee f5 (oder Bd3-f5) ist sehr stark.}
Re1 (29... d5 30. Rxa7 Qxa7 31. Rxa7 Rxa7 32. f5 $1 Bh7 (32... Bxf5 33. Bd3 $16
) 33. g4 Re8 34. Bg2 $16 {und Weiß hat großen Vorteil.}) 30. Rxa7 Rxa1 31. Rxa1
d5 $16 {Weiß hat einen gesunden Mehrbauern und seine Gewinnchancen liegen
relativ hoch.}) 29... R4e6 30. h4 (30. f4 {Jetzt ist es zu spät.} Be4 {Der
Läufer hat ein gutes Feld gefunden.} 31. f5 Rf6 32. Bd3 (32. g4 d5 $17) 32...
Bxd3 33. Rxa7 Qxa7 34. Rxa7 Rxa7 35. Qxd3 d5 $11) 30... h5 31. c4 $6 (31. Rxa7
$5 {wäre doch die beste Chance gewesen. Wenn man eine Leichtfigur auf dem
Brett lässt, kann man noch etwas versuchen, besonders weil Schwarz h5 gezogen
und damit sich eine weitere Schwäche gemacht hat.} Qxa7 32. Rxa7 Rxa7 33. Bc4
Ree7 34. Kh2 $14) 31... Rd7 32. d5 $2 {Sehr schlechter Zug! Dadurch wird die
Schwäche des Bauern h5 nicht mehr so deutlich, plus die schwarzen Figuren
konzentrieren sich alle auf die Verteidigung der einzigen Schwäche - a7.} (32.
f4 $5 {Weiß kann die unglückliche Lage der schwarzen Steine nutzen, doch er
spielt nicht energisch genug.} Rf6 (32... Be4 33. Rxh5 $16 {Weitere Folge des
Zuges h5.}) 33. g3 Qb8 34. Rb5 Rb7 35. Qa5 $14) 32... Ree7 33. Qd4 {Weiß
spielt weiterhin sehr direkt und einfach. Eine gute Chance hatte er nach 33.
Ra7:} (33. Rxa7 $1 Qxa7+ 34. Rxa7 Rxa7 {und jetzt} 35. c5 $3 dxc5 (35... Ra1
36. Kf2 $1 (36. cxd6 Rd7 $14) (36. Kh2 Rxf1 37. cxd6 Rd7 38. Qe2 Rxd6 39. Qxf1
Rxd5 $11 {Das ist eine todremisliche Stellung.}) 36... Rea7 37. Bc4 R7a4 38.
cxd6 Rxc4 39. d7 Ra8 40. Qg5 $18) 36. d6 Red7 37. Bb5 Rd8 38. d7 $16) 33... Qb8
{Jetzt ist die Stellung ausgeglichen. Weiß hat alle seine vielen Möglichkeiten
vergeben.} 34. Rb5 Rb7 35. Kf2 Rec7 ({Nichts spricht auch gegen} 35... Rxb5 36.
cxb5 Bf5 $11) 36. Raa5 Rxb5 37. Rxb5 Rb7 38. Rxb7 Qxb7 39. c5 dxc5 40. Qxc5 $11
{Die Stellung ist ausgeglichen. Beide Spieler haben sehr viele Möglichkeiten
nicht genutzt, daher ist Remis ein logisches Resultat.} Qb2+ 41. Ke3 Qe5+ 42.
Kf2 Qb2+ 43. Ke3 Qe5+ 44. Kf2 Qb2+ 1/2-1/2